Statistiques concernant Les Simpson - S08E18 : Homer le baron de la bière

Cliquez ici pour prendre le quiz!

Statistiques générales

  • Ce quiz a été pris 22 fois
  • Le résultat moyen est 7 sur 10

Statistiques - réponses

QuestionRéponse% Correct
Quel événement est fêté au début de l'épisode ?la Saint Patrick
100%
Comment Homer achemine l'alcool jusqu'au bar de Moe ?par le bowling
95%
Que déclare Homer à propos de l'alcool en fin d'épisode ?c'est la cause et la solution de tous nos problèmes dans la vie
90%
En quoi Moe transforme-t-il son bar pour continuer à vendre discrètement de l'alcool ?une animalerie
81%
En combien de temps la société Duff fait-elle faillite après avoir proposé une bière sans alcool à la vente ?en 30 minutes
71%
Qui est placé sur la catapulte pour tester son fonctionnement avant d'y condamner Homer ?un chat
67%
Qui se fait embarquer par la police lors des contrôles aléatoires de Rex Banner ?Ned Flanders
62%
Quel temps fait-il pendant les festivités en ville ?c'est nuageux sans pluie
43%
Où finissent tous les fûts de bière de la ville après l'application de la prohibition ?à la décharge
33%
Que faisaient les membres de la police quand Rex Banner a débarqué au commissariat ?ils regardaient Krusty à la télé
33%

Distribution des résultats

Percentile par nombre de réponses

% des personnes avec chaque résultat

Votre développement - résultats

Vous n’avez pas pris ce quiz